[Event "GBR-ch 111th"]
[Site "Liverpool"]
[Date "2025.08.06"]
[Round "5.20"]
[White "Clarke, Brandon Gi"]
[Black "Adams, Henry"]
[Result "1-0"]
[WhiteElo "2491"]
[BlackElo "2114"]
[PlyCount "73"]
[EventDate "2025.08.02"]
[EventType "swiss"]
[EventRounds "9"]
[EventCountry "GBR"]
[SourceTitle "BritBase"]
[Source "John Saunders"]
[SourceDate "2025.08.11"]
[SourceVersion "1"]
[SourceVersionDate "2025.08.11"]
[SourceQuality "1"]

1. e4 e5 2. Nf3 Nc6 3. d4 exd4 4. Nxd4 Nf6 5. Nxc6 bxc6 6. e5 Qe7 7. Qe2 Nd5 8. b3 Qe6 9. Bb2 g6 10. g3 Bg7 11. Bg2 O-O 12. O-O f6 13. c4 Nb6 14. Nd2 d5 15. cxd5 cxd5 16. Rac1 c6 17. Nf3 Bd7 18. Rfe1 Rfe8 19. Bd4 Nc8 20. Qb2 fxe5 21. Nxe5 Nd6 22. f4 Nb5 23. Bf2 Qf5 24. a4 Nd6 25. Bd4 Bxe5 26. fxe5 Ne4 27. Rf1 Qh5 28. Bxe4 dxe4 29. Qc2 e3 30. Rce1 Qg4 31. Rf4 Qe6 32. Rxe3 Qd5 33. Bb2 Bf5 34. Rxf5 gxf5 35. e6 Rad8 36. Qc3 Qd1+ 37. Re1 1-0

[Event "GBR-ch 111th"]
[Site "Liverpool"]
[Date "2025.08.06"]
[Round "5.21"]
[White "Murawski, Jan"]
[Black "Hobson, Kenneth"]
[Result "1-0"]
[WhiteElo "2189"]
[BlackElo "2361"]
[PlyCount "102"]
[EventDate "2025.08.02"]
[EventType "swiss"]
[EventRounds "9"]
[EventCountry "GBR"]
[SourceTitle "BritBase"]
[Source "John Saunders"]
[SourceDate "2025.08.11"]
[SourceVersion "1"]
[SourceVersionDate "2025.08.11"]
[SourceQuality "1"]

1. d4 Nf6 2. c4 e6 3. Nf3 d5 4. Nc3 Bb4 5. Qa4+ Nc6 6. e3 O-O 7. Qc2 Re8 8. Bd2 h6 9. a3 Bf8 10. cxd5 exd5 11. h3 Ne4 12. Bd3 Bf5 13. O-O a5 14. Be1 Nxc3 15. bxc3 Bxd3 16. Qxd3 a4 17. c4 Ra6 18. c5 Qc8 19. Bc3 b6 20. Rfc1 bxc5 21. dxc5 Ne7 22. Rab1 Re6 23. Rb4 Qa6 24. Qd1 Ra8 25. Rcb1 Nc6 26. Rg4 Re4 27. Qxd5 Rxg4 28. hxg4 Rd8 29. Qf5 Rd3 30. Bb4 Qc4 31. Ne5 Nxe5 32. Qxe5 c6 33. Qc7 Qb5 34. Qb6 Rb3 35. Qxb5 Rxb1+ 36. Qf1 Rxf1+ 37. Kxf1 f6 38. Ke2 Kf7 39. Kd3 Kg6 40. Kc4 Kg5 41. f3 g6 42. Ba5 Kh4 43. Be1+ Kg5 44. Bg3 h5 45. gxh5 gxh5 46. Bd6 Bg7 47. Kb4 Kh4 48. Kxa4 Bh6 49. Ka5 Bxe3 50. Kb6 f5 51. Kxc6 f4 1-0

[Event "GBR-ch 111th"]
[Site "Liverpool"]
[Date "2025.08.06"]
[Round "5.22"]
[White "Ledger, Andrew J"]
[Black "Chopra, Manmay"]
[Result "1/2-1/2"]
[WhiteElo "2323"]
[BlackElo "2188"]
[PlyCount "141"]
[EventDate "2025.08.02"]
[EventType "swiss"]
[EventRounds "9"]
[EventCountry "GBR"]
[SourceTitle "BritBase"]
[Source "John Saunders"]
[SourceDate "2025.08.11"]
[SourceVersion "1"]
[SourceVersionDate "2025.08.11"]
[SourceQuality "1"]

1. d4 Nf6 2. c4 g6 3. Nc3 d6 4. e4 Bg7 5. Nf3 O-O 6. Be2 e5 7. O-O Na6 8. Re1 exd4 9. Nxd4 Nc5 10. Bf1 Re8 11. Qc2 Ng4 12. Nb3 Nxb3 13. axb3 Bd4 14. Re2 Nxh2 15. Kxh2 Qh4+ 16. Kg1 Re5 17. Be3 Rh5 18. f3 Be5 19. f4 Qh2+ 20. Kf2 Bxf4 21. Ke1 Bg4 22. Bxf4 Qxf4 23. Qd2 Qg3+ 24. Rf2 f5 25. Nd5 Rf8 26. Qc3 Qh4 27. Rxa7 f4 28. g3 Qh1 29. Ne7+ Kf7 30. Rxf4+ Ke6 31. Nd5 Rh2 32. Rf6+ Kd7 33. Rxd6+ Kxd6 34. Qb4+ c5 35. Qb6+ Ke5 36. Qc7+ Kxe4 37. Qe7+ Be6 38. Qxe6+ Kf3 39. Qe3+ Kg4 40. Qe6+ Rf5 41. Ne3+ Kf3 42. Rxb7 Re2+ 43. Kd1 Qxf1+ 44. Nxf1 Rxe6 45. Rxh7 Rd6+ 46. Nd2+ Kxg3 47. Kc1 Re5 48. Rf7 Re1+ 49. Kc2 Re2 50. Rf3+ Kh4 51. Rd3 Rxd3 52. Kxd3 Re6 53. Ne4 Re5 54. b4 cxb4 55. Kd4 Re7 56. c5 g5 57. Nd6 Rc7 58. Nb5 Rc8 59. Nd6 Rc7 60. Nb5 Rc8 61. Nd6 g4 62. Nxc8 g3 63. Nd6 g2 64. Kc4 g1=Q 65. Kxb4 Qd4+ 66. Nc4 Qd7 67. Ka5 Qd4 68. Kb5 Qd7+ 69. Kb6 Qd4 70. Kb5 Qd7+ 71. Kb6 1/2-1/2

[Event "GBR-ch 111th"]
[Site "Liverpool"]
[Date "2025.08.06"]
[Round "5.23"]
[White "Yoon, Jacob D"]
[Black "Kalavannan, Koby"]
[Result "0-1"]
[WhiteElo "2203"]
[BlackElo "2323"]
[PlyCount "80"]
[EventDate "2025.08.02"]
[EventType "swiss"]
[EventRounds "9"]
[EventCountry "GBR"]
[SourceTitle "BritBase"]
[Source "John Saunders"]
[SourceDate "2025.08.11"]
[SourceVersion "1"]
[SourceVersionDate "2025.08.11"]
[SourceQuality "1"]

1. e4 c5 2. Nf3 Nc6 3. d4 cxd4 4. Nxd4 Qb6 5. Nb3 Nf6 6. Nc3 e6 7. a3 Be7 8. Be3 Qc7 9. f4 d6 10. g4 d5 11. e5 Nd7 12. Nb5 Qb8 13. h4 a6 14. N5d4 Qc7 15. Rc1 Nxd4 16. Nxd4 Nb6 17. c3 Bd7 18. Bd3 Nc4 19. Qe2 h5 20. gxh5 Nxe3 21. Qxe3 Rxh5 22. Qg3 Bf8 23. Qg4 Rh6 24. Kd2 Qb6 25. b4 O-O-O 26. h5 Kb8 27. f5 Qc7 28. Rhe1 exf5 29. Bxf5 g6 30. hxg6 Rxg6 31. Qf3 Bh6+ 32. Kc2 Bxf5+ 33. Nxf5 Bxc1 34. Kxc1 Rc6 35. Kb2 d4 36. Nd6 Rxc3 37. Qxf7 Rd7 38. e6 Rxf7 39. exf7 Qxd6 40. Re8+ Rc8 0-1

[Event "GBR-ch 111th"]
[Site "Liverpool"]
[Date "2025.08.06"]
[Round "5.24"]
[White "Price, Gwilym T"]
[Black "Yao, Lan"]
[Result "0-1"]
[WhiteElo "2186"]
[BlackElo "2316"]
[PlyCount "73"]
[EventDate "2025.08.02"]
[EventType "swiss"]
[EventRounds "9"]
[EventCountry "GBR"]
[SourceTitle "BritBase"]
[Source "John Saunders"]
[SourceDate "2025.08.11"]
[SourceVersion "1"]
[SourceVersionDate "2025.08.11"]
[SourceQuality "1"]

1. e4 c5 2. Nf3 d6 3. d4 cxd4 4. Nxd4 Nf6 5. Nc3 a6 6. Nb3 e6 7. g4 b5 8. Bg2 Bb7 9. g5 Nfd7 10. f4 Nc6 11. Be3 Be7 12. Qe2 Rc8 13. O-O-O Na5 14. h4 Nc4 15. Kb1 b4 16. Nd5 exd5 17. exd5 Nxe3 18. Qxe3 O-O 19. Nd4 Re8 20. Qh3 Nc5 21. h5 Bf8 22. Qg4 Ne4 23. Bxe4 Rxe4 24. Nf5 Qc7 25. Rh2 g6 26. hxg6 fxg6 27. Ng3 Rc4 28. Rdh1 Bxd5 29. Rxh7 Qxh7 30. Rxh7 Kxh7 31. Nh5 gxh5 32. Qxh5+ Kg7 33. f5 Kg8 34. Qg6+ Bg7 35. f6 R4c7 36. a3 b3 37. c3 0-1

[Event "GBR-ch 111th"]
[Site "Liverpool"]
[Date "2025.08.06"]
[Round "5.25"]
[White "Vijayakumar, Rishi"]
[Black "Jones, Steven A"]
[Result "1-0"]
[WhiteElo "2310"]
[BlackElo "2185"]
[PlyCount "111"]
[EventDate "2025.08.02"]
[EventType "swiss"]
[EventRounds "9"]
[EventCountry "GBR"]
[SourceTitle "BritBase"]
[Source "John Saunders"]
[SourceDate "2025.08.11"]
[SourceVersion "1"]
[SourceVersionDate "2025.08.11"]
[SourceQuality "1"]

1. d4 Nf6 2. c4 g6 3. Nc3 d5 4. Bg5 Ne4 5. cxd5 Nxg5 6. h4 Ne4 7. Nxe4 Qxd5 8. Nc3 Qa5 9. h5 Bg7 10. h6 Bf6 11. Nf3 c5 12. Qd2 cxd4 13. Nxd4 O-O 14. Nb3 Qd8 15. Qe3 Qb6 16. Nd5 Qxe3 17. fxe3 Nd7 18. g3 Bg5 19. Bg2 Nb6 20. Kf2 Nc4 21. Rac1 Ne5 22. Bf3 Rb8 23. Nc5 f5 24. Nf4 Ng4+ 25. Bxg4 fxg4 26. Ne4 Bf6 27. Nxf6+ Rxf6 28. Rc5 Rf5 29. Rhc1 Be6 30. Rxf5 Bxf5 31. Rc7 Kf7 32. Nd5 Ke6 33. Nc3 a6 34. Rc4 Kf7 35. e4 Be6 36. Rc7 b5 37. Nd5 Bxd5 38. exd5 Rb6 39. e4 Rf6+ 40. Ke3 Rf3+ 41. Kd4 Ke8 42. Rc8+ Kd7 43. Rh8 Rxg3 44. Rxh7 Rh3 45. Rh8 e5+ 46. Kc5 g3 47. Rh7+ Ke8 48. d6 g2 49. d7+ Kd8 50. Kc6 Rd3 51. Rh8+ Ke7 52. Re8+ Kf7 53. d8=Q Rxd8 54. Rxd8 g1=Q 55. h7 Qc1+ 56. Kb7 1-0

[Event "GBR-ch 111th"]
[Site "Liverpool"]
[Date "2025.08.06"]
[Round "5.26"]
[White "Bradbury, Neil H"]
[Black "Webb, Laurence E"]
[Result "1/2-1/2"]
[WhiteElo "2137"]
[BlackElo "2268"]
[PlyCount "104"]
[EventDate "2025.08.02"]
[EventType "swiss"]
[EventRounds "9"]
[EventCountry "GBR"]
[SourceTitle "BritBase"]
[Source "John Saunders"]
[SourceDate "2025.08.11"]
[SourceVersion "1"]
[SourceVersionDate "2025.08.11"]
[SourceQuality "1"]

1. d4 Nf6 2. c4 c5 3. d5 b5 4. cxb5 a6 5. bxa6 g6 6. Nc3 Bg7 7. e4 O-O 8. Nf3 Qa5 9. Nd2 Bxa6 10. Be2 Nh5 11. Ndb1 d6 12. O-O Nd7 13. a4 Rfb8 14. Ra3 Rb4 15. Bb5 Ne5 16. Qe2 c4 17. Nd1 Bxb5 18. axb5 Qd8 19. Rxa8 Qxa8 20. Na3 Qc8 21. Qc2 Rb3 22. Ne3 Rb4 23. Rd1 Nf4 24. Nexc4 Nxc4 25. Bxf4 Qg4 26. Nxc4 Qxf4 27. b6 h5 28. b3 Qg4 29. h3 Qd7 30. Rd3 Bf6 31. Kh2 Kg7 32. f4 Kh7 33. Qe2 Qb5 34. e5 Bg7 35. exd6 exd6 36. Nxd6 Qxb6 37. Nxf7 Rxb3 38. Rxb3 Qxb3 39. Ng5+ Kh6 40. Qe6 Qb4 41. Ne4 Qf8 42. Qd6 Qf5 43. Ng5 h4 44. Nf3 Bf6 45. Ng1 Kg7 46. Ne2 g5 47. Qe6 Kg6 48. Qxf5+ Kxf5 49. fxg5 Bxg5 50. Nd4+ Ke4 51. Nf3 Be7 52. Kg1 Kxd5 1/2-1/2

[Event "GBR-ch 111th"]
[Site "Liverpool"]
[Date "2025.08.06"]
[Round "5.27"]
[White "Stoica, Savas Marin"]
[Black "Rudd, Jack"]
[Result "1-0"]
[WhiteElo "2092"]
[BlackElo "2259"]
[PlyCount "81"]
[EventDate "2025.08.02"]
[EventType "swiss"]
[EventRounds "9"]
[EventCountry "GBR"]
[SourceTitle "BritBase"]
[Source "John Saunders"]
[SourceDate "2025.08.11"]
[SourceVersion "1"]
[SourceVersionDate "2025.08.11"]
[SourceQuality "1"]

1. d4 Nf6 2. c4 g6 3. Nc3 Bg7 4. e4 d6 5. h3 O-O 6. Be3 c5 7. d5 e6 8. Bd3 exd5 9. exd5 a6 10. Nf3 b5 11. cxb5 axb5 12. Bxb5 Ba6 13. O-O Ne4 14. Bxa6 Nxc3 15. bxc3 Nxa6 16. Qd2 Re8 17. Rab1 Qa5 18. Rfc1 Nc7 19. c4 Qxd2 20. Bxd2 Rxa2 21. Bf4 Bf8 22. Rb7 Na6 23. Rb6 Ree2 24. Rf1 Reb2 25. Rxb2 Rxb2 26. Ra1 Rb6 27. g4 h6 28. h4 Bg7 29. Ra5 Nb4 30. Ra8+ Kh7 31. Rd8 Nd3 32. Bxd6 Rb4 33. Nd2 Rb2 34. Ne4 Bd4 35. Rd7 Kg8 36. g5 Nxf2 37. Rd8+ Kh7 38. Nf6+ Bxf6 39. gxf6 Ne4 40. Be5 Rd2 41. Rf8 1-0

[Event "GBR-ch 111th"]
[Site "Liverpool"]
[Date "2025.08.06"]
[Round "5.28"]
[White "Richardson, John R"]
[Black "Brewer, Callum D"]
[Result "1/2-1/2"]
[WhiteElo "2246"]
[BlackElo "2152"]
[PlyCount "62"]
[EventDate "2025.08.02"]
[EventType "swiss"]
[EventRounds "9"]
[EventCountry "GBR"]
[SourceTitle "BritBase"]
[Source "John Saunders"]
[SourceDate "2025.08.11"]
[SourceVersion "1"]
[SourceVersionDate "2025.08.11"]
[SourceQuality "1"]

1. e4 c6 2. d4 d5 3. Nc3 dxe4 4. Nxe4 Nf6 5. Nxf6+ exf6 6. c3 Bd6 7. Bd3 O-O 8. Qc2 Re8+ 9. Ne2 h5 10. O-O h4 11. h3 Nd7 12. Bd2 Nf8 13. Rae1 Bd7 14. c4 g6 15. b4 Rc8 16. Qb2 Bb8 17. f4 f5 18. Kh1 Nh7 19. Ng1 Nf6 20. Rxe8+ Bxe8 21. Nf3 Nh5 22. Re1 Bxf4 23. Bxf4 Nxf4 24. Bf1 Nh5 25. Qd2 Qf6 26. Bd3 Bd7 27. Re5 Re8 28. Qe3 Rxe5 29. dxe5 Qe7 30. a3 a6 31. Qh6 Qf8 1/2-1/2

[Event "GBR-ch 111th"]
[Site "Liverpool"]
[Date "2025.08.06"]
[Round "5.29"]
[White "Khoury, Theo"]
[Black "Chan, Sheng Liang Bernard"]
[Result "1/2-1/2"]
[WhiteElo "2239"]
[BlackElo "2098"]
[PlyCount "40"]
[EventDate "2025.08.02"]
[EventType "swiss"]
[EventRounds "9"]
[EventCountry "GBR"]
[SourceTitle "BritBase"]
[Source "John Saunders"]
[SourceDate "2025.08.11"]
[SourceVersion "1"]
[SourceVersionDate "2025.08.11"]
[SourceQuality "1"]

1. e4 e5 2. Nf3 Nf6 3. Nxe5 Nxe4 4. Qe2 Qe7 5. Qxe4 d6 6. d4 dxe5 7. dxe5 Nc6 8. Nc3 Qxe5 9. Qxe5+ Nxe5 10. Nb5 Bb4+ 11. c3 Ba5 12. Bf4 f6 13. O-O-O a6 14. Nd4 O-O 15. Bxe5 fxe5 16. Bc4+ Kh8 17. Nf3 Bg4 18. Bd5 c6 19. Be4 Rae8 20. Rhe1 Bb6 1/2-1/2

[Event "GBR-ch 111th"]
[Site "Liverpool"]
[Date "2025.08.06"]
[Round "5.30"]
[White "Dishman, Stephen"]
[Black "Fellowes, Billy"]
[Result "0-1"]
[WhiteElo "2254"]
[BlackElo "2122"]
[PlyCount "146"]
[EventDate "2025.08.02"]
[EventType "swiss"]
[EventRounds "9"]
[EventCountry "GBR"]
[SourceTitle "BritBase"]
[Source "John Saunders"]
[SourceDate "2025.08.11"]
[SourceVersion "1"]
[SourceVersionDate "2025.08.11"]
[SourceQuality "1"]

1. Nf3 Nf6 2. c4 g6 3. Nc3 Bg7 4. g3 O-O 5. Bg2 d6 6. d4 c6 7. e4 Be6 8. Qe2 Bg4 9. h3 Bxf3 10. Bxf3 Nfd7 11. Be3 c5 12. d5 e6 13. Qd2 exd5 14. exd5 Re8 15. O-O a6 16. a4 Ne5 17. Be2 Nbd7 18. Kg2 f5 19. f4 Nf7 20. Bf3 Qa5 21. Qd3 Qb6 22. Bd2 Rac8 23. a5 Qc7 24. g4 Nh6 25. g5 Nf7 26. Nd1 h5 27. Bc3 Bd4 28. Rc1 Re7 29. Bxd4 cxd4 30. b4 b6 31. Qxd4 bxa5 32. c5 dxc5 33. bxc5 Nxc5 34. Nf2 Qd6 35. Nd3 Rec7 36. Nxc5 Rxc5 37. Rxc5 Qxc5 38. Qf6 Qd6 39. Qxd6 Nxd6 40. Rb1 Rc2+ 41. Kg3 Nb5 42. Re1 Rc3 43. Kf2 Kf7 44. Ra1 Nd4 45. Bg2 Rc2+ 46. Kf1 Nb3 47. Ra3 Rb2 48. Kg1 Ke7 49. Bf1 Kd6 50. Bc4 Nd2 51. Ba2 Rb5 52. Kf2 Kc5 53. Rc3+ Kd4 54. Ra3 Ne4+ 55. Kf3 Kc5 56. Ra4 Kd6 57. Ra3 Rc5 58. Kg2 h4 59. Kg1 Nc3 60. Kf2 a4 61. Ke3 Nxa2 62. Rxa2 Rc4 63. Rb2 Kxd5 64. Rb6 Rc6 65. Rb4 a3 66. Rd4+ Ke6 67. Ra4 Rc3+ 68. Kd4 Rxh3 69. Rxa6+ Kf7 70. Ra7+ Ke8 71. Ke5 Re3+ 72. Kf6 h3 73. Kxg6 h2 0-1

[Event "GBR-ch 111th"]
[Site "Liverpool"]
[Date "2025.08.06"]
[Round "5.31"]
[White "Sivanandan, Bodhana"]
[Black "Hryshchenko, Kamila"]
[Result "1-0"]
[WhiteElo "2216"]
[BlackElo "2097"]
[PlyCount "63"]
[EventDate "2025.08.02"]
[EventType "swiss"]
[EventRounds "9"]
[EventCountry "GBR"]
[SourceTitle "BritBase"]
[Source "John Saunders"]
[SourceDate "2025.08.11"]
[SourceVersion "1"]
[SourceVersionDate "2025.08.11"]
[SourceQuality "1"]

1. e4 b6 2. d4 Bb7 3. Bd3 e6 4. Nf3 d5 5. Qe2 Nf6 6. exd5 Nxd5 7. O-O Be7 8. c3 a6 9. Be3 Nd7 10. Nbd2 Nf8 11. Be4 Ng6 12. c4 f5 13. cxd5 fxe4 14. Nxe4 Qxd5 15. Nc3 Qf5 16. Nd2 Nh4 17. f3 Qg6 18. Nde4 O-O 19. Rad1 Nxf3+ 20. Rxf3 Rxf3 21. Qxf3 Kh8 22. Rf1 h5 23. Bf4 Rf8 24. Qe2 c5 25. dxc5 e5 26. Bc1 Rxf1+ 27. Kxf1 Qf5+ 28. Qf3 Qd7 29. Qxh5+ Kg8 30. Qh3 Qd4 31. Qe6+ Kf8 32. c6 1-0

[Event "GBR-ch 111th"]
[Site "Liverpool"]
[Date "2025.08.06"]
[Round "5.32"]
[White "Shafi, Declan"]
[Black "Malinovskii, Ilia"]
[Result "0-1"]
[WhiteElo "2183"]
[BlackElo "2075"]
[PlyCount "76"]
[EventDate "2025.08.02"]
[EventType "swiss"]
[EventRounds "9"]
[EventCountry "GBR"]
[SourceTitle "BritBase"]
[Source "John Saunders"]
[SourceDate "2025.08.11"]
[SourceVersion "1"]
[SourceVersionDate "2025.08.11"]
[SourceQuality "1"]

1. e4 c5 2. Nf3 Nc6 3. Bb5 d5 4. exd5 Qxd5 5. Nc3 Qe6+ 6. Qe2 Qxe2+ 7. Kxe2 Bd7 8. Rd1 a6 9. Bxc6 Bxc6 10. d4 cxd4 11. Rxd4 f6 12. Be3 e5 13. Rdd1 Bb4 14. Bd2 Ne7 15. a3 Bc5 16. Be3 Bxe3 17. fxe3 Kf7 18. Rd2 Rac8 19. Rad1 g5 20. e4 Ng6 21. Ke3 g4 22. Ng1 Nf4 23. g3 Ne6 24. Nd5 Bxd5 25. exd5 Nd4 26. c3 Nf5+ 27. Kf2 e4 28. Rc2 h5 29. h4 gxh3 30. Nxh3 Rhg8 31. Nf4 Rxg3 32. Nxh5 Rh3 33. Nf4 Rf3+ 34. Ke2 Rxf4 35. c4 Rh8 36. Kd2 Rh2+ 37. Kc1 Rxc2+ 38. Kxc2 Ne3+ 0-1

[Event "GBR-ch 111th"]
[Site "Liverpool"]
[Date "2025.08.06"]
[Round "5.33"]
[White "Vaidyanathan, Adithya"]
[Black "Kovalskyi, Roman"]
[Result "0-1"]
[WhiteElo "2115"]
[BlackElo "2180"]
[PlyCount "120"]
[EventDate "2025.08.02"]
[EventType "swiss"]
[EventRounds "9"]
[EventCountry "GBR"]
[SourceTitle "BritBase"]
[Source "John Saunders"]
[SourceDate "2025.08.11"]
[SourceVersion "1"]
[SourceVersionDate "2025.08.11"]
[SourceQuality "1"]

1. d4 d5 2. c4 e6 3. Nc3 Be7 4. Nf3 c6 5. e4 dxe4 6. Nxe4 Nf6 7. Nc3 c5 8. d5 exd5 9. cxd5 O-O 10. Bc4 Bd6 11. O-O h6 12. Qd3 Bg4 13. Nd2 Nbd7 14. f4 Re8 15. Nf3 a6 16. a4 Qc7 17. Nh4 Nb6 18. b3 Rad8 19. a5 Nc8 20. h3 Bd7 21. Bd2 Bf8 22. Qf3 Nd6 23. g4 Nfe4 24. Nxe4 Nxe4 25. Bc1 Qd6 26. Re1 Qf6 27. Ba3 Nd2 28. Qf2 Qxh4 29. Qxd2 Qg3+ 30. Kf1 Qxh3+ 31. Qg2 Qxg4 32. Qxg4 Bxg4 33. Kf2 Bd6 34. Kg3 h5 35. Bb2 f6 36. Bc3 Kf7 37. Bd2 Rxe1 38. Rxe1 Re8 39. Rb1 g5 40. b4 Bf5 41. Rb3 cxb4 42. Bxb4 Bxf4+ 43. Kf2 Rd8 44. Bc3 Rd7 45. Rb6 Bd6 46. Bd4 h4 47. Bb3 Ke7 48. Ba4 Rc7 49. Bxf6+ Kxf6 50. Rxd6+ Ke5 51. Rd8 Rc4 52. Bd1 Rd4 53. Bf3 g4 54. Re8+ Kf4 55. Bh1 g3+ 56. Ke1 h3 57. Rg8 Bg4 58. Rf8+ Ke5 59. Re8+ Kd6 60. Rd8+ Kc5 0-1

[Event "GBR-ch 111th"]
[Site "Liverpool"]
[Date "2025.08.06"]
[Round "5.34"]
[White "Kanyamarala, Trisha"]
[Black "Bharat Kumar, Balahari"]
[Result "1-0"]
[WhiteElo "2178"]
[BlackElo "2052"]
[PlyCount "145"]
[EventDate "2025.08.02"]
[EventType "swiss"]
[EventRounds "9"]
[EventCountry "GBR"]
[SourceTitle "BritBase"]
[Source "John Saunders"]
[SourceDate "2025.08.11"]
[SourceVersion "1"]
[SourceVersionDate "2025.08.11"]
[SourceQuality "1"]

1. d4 d5 2. c4 e6 3. Nc3 a6 4. cxd5 exd5 5. Nf3 Nf6 6. Qb3 c6 7. Bf4 b5 8. e3 Be6 9. Be2 c5 10. Ng5 c4 11. Nxe6 fxe6 12. Qc2 Nc6 13. O-O Bd6 14. Bg5 O-O 15. f4 Qc7 16. Bf3 Rab8 17. Ne2 Nb4 18. Qb1 Nd3 19. Ng3 h6 20. Bxf6 Rxf6 21. Be2 Nb4 22. Nh5 Rff8 23. Bg4 Rbe8 24. Rf3 Nd3 25. Rg3 g6 26. Be2 Kh7 27. Bxd3 cxd3 28. Qxd3 Rf5 29. Rxg6 Kxg6 30. g4 Qc4 31. gxf5+ exf5 32. Qd1 Rxe3 33. Ng3 Kh7 34. Nxf5 Re6 35. Rc1 Qb4 36. Ng3 Bxf4 37. Qd3+ Rg6 38. Rf1 Qd2 39. Qxd2 Bxd2 40. Kh1 Bg5 41. Rf7+ Rg7 42. Rf5 Rc7 43. Rxd5 Rc1+ 44. Kg2 Rc2+ 45. Kf3 Rxb2 46. Rd7+ Kg8 47. h3 Rxa2 48. Ne4 b4 49. Rb7 a5 50. d5 Ra3+ 51. Kg4 Rd3 52. d6 Rd5 53. h4 Bxh4 54. Kxh4 Kf8 55. Kg4 h5+ 56. Kf4 h4 57. Kg4 h3 58. Kxh3 b3 59. Rxb3 Rd4 60. Re3 a4 61. Kg4 Ke8 62. Kf5 Kd7 63. Ke5 Rd1 64. Rc3 Kd8 65. Rc7 a3 66. Ra7 Rc1 67. Rxa3 Re1 68. Kd5 Rd1+ 69. Ke6 Kc8 70. Rc3+ Kd8 71. Rh3 Kc8 72. Rh8+ Kb7 73. d7 1-0

[Event "GBR-ch 111th"]
[Site "Liverpool"]
[Date "2025.08.06"]
[Round "5.35"]
[White "Pereslavtsev, Alexandr"]
[Black "Golding, James"]
[Result "1-0"]
[WhiteElo "2079"]
[BlackElo "2176"]
[PlyCount "47"]
[EventDate "2025.08.02"]
[EventType "swiss"]
[EventRounds "9"]
[EventCountry "GBR"]
[SourceTitle "BritBase"]
[Source "John Saunders"]
[SourceDate "2025.08.11"]
[SourceVersion "1"]
[SourceVersionDate "2025.08.11"]
[SourceQuality "1"]

1. d4 d5 2. c4 c6 3. Nc3 Nf6 4. Nf3 e6 5. Bg5 h6 6. Bh4 g5 7. Bg3 Ne4 8. Nd2 Nxg3 9. hxg3 Qb6 10. Qc2 Qxd4 11. cxd5 exd5 12. O-O-O Be6 13. e4 Qb6 14. Nf3 dxe4 15. Nxg5 Nd7 16. Nxe6 fxe6 17. Bc4 O-O-O 18. Bxe6 Qc7 19. Qxe4 Bd6 20. Qd4 Be5 21. Qxa7 Rh7 22. Na4 Bxb2+ 23. Kb1 Qe5 24. Nc5 1-0

[Event "GBR-ch 111th"]
[Site "Liverpool"]
[Date "2025.08.06"]
[Round "5.36"]
[White "Ashworth, Michael J"]
[Black "Sedykh, Mikhail"]
[Result "1/2-1/2"]
[WhiteElo "2053"]
[BlackElo "2159"]
[PlyCount "65"]
[EventDate "2025.08.02"]
[EventType "swiss"]
[EventRounds "9"]
[EventCountry "GBR"]
[SourceTitle "BritBase"]
[Source "John Saunders"]
[SourceDate "2025.08.11"]
[SourceVersion "1"]
[SourceVersionDate "2025.08.11"]
[SourceQuality "1"]

1. d4 d5 2. c4 e6 3. Nc3 Be7 4. Nf3 Nf6 5. Bg5 h6 6. Bh4 O-O 7. e3 Nbd7 8. Rc1 c5 9. cxd5 Nxd5 10. Bxe7 Nxe7 11. Be2 cxd4 12. Nxd4 Qb6 13. Qb3 e5 14. Qxb6 Nxb6 15. Nb3 Rb8 16. O-O Bd7 17. Rfd1 Rfc8 18. Nb5 Rxc1 19. Rxc1 Be6 20. Nc5 Bxa2 21. Nxa7 Ra8 22. Nb5 Bd5 23. Nc3 Bc6 24. b4 Nd7 25. Nxd7 Bxd7 26. Ne4 Bc6 27. Nd6 Rd8 28. Nxb7 Rd2 29. Na5 Rxe2 30. Nxc6 Nxc6 31. Kf1 Rb2 32. Rxc6 Rxb4 33. Ke2 1/2-1/2

[Event "GBR-ch 111th"]
[Site "Liverpool"]
[Date "2025.08.06"]
[Round "5.37"]
[White "Dasgupta, Avyukt"]
[Black "Verbytski, Oleg"]
[Result "0-1"]
[WhiteElo "2158"]
[BlackElo "2001"]
[PlyCount "80"]
[EventDate "2025.08.02"]
[EventType "swiss"]
[EventRounds "9"]
[EventCountry "GBR"]
[SourceTitle "BritBase"]
[Source "John Saunders"]
[SourceDate "2025.08.11"]
[SourceVersion "1"]
[SourceVersionDate "2025.08.11"]
[SourceQuality "1"]

1. b3 d5 2. Bb2 e6 3. e3 Nf6 4. f4 c5 5. Nf3 Be7 6. d3 Nc6 7. Nbd2 d4 8. e4 e5 9. fxe5 Ng4 10. Qe2 Nb4 11. Nc4 b5 12. h3 Bh4+ 13. Kd2 bxc4 14. hxg4 c3+ 15. Bxc3 Bg5+ 16. Nxg5 Qxg5+ 17. Ke1 dxc3 18. a3 Nc6 19. Rh5 Qxg4 20. Qxg4 Bxg4 21. Rg5 Be6 22. Rxg7 Nxe5 23. Rg5 f6 24. Rg7 Bf7 25. Rg3 Nc6 26. b4 cxb4 27. axb4 Nxb4 28. Kd1 Bh5+ 29. Kc1 Kf7 30. d4 Rhc8 31. Ra5 Bg6 32. e5 Nxc2 33. Rxg6 hxg6 34. Kxc2 fxe5 35. dxe5 Rc7 36. Ra4 Rb8 37. Bc4+ Ke7 38. g4 g5 39. e6 Rb6 40. Bb3 Rxb3 0-1

[Event "GBR-ch 111th"]
[Site "Liverpool"]
[Date "2025.08.06"]
[Round "5.38"]
[White "Harborne, Matthew J"]
[Black "Eames, Robert S"]
[Result "1/2-1/2"]
[WhiteElo "2048"]
[BlackElo "2136"]
[PlyCount "73"]
[EventDate "2025.08.02"]
[EventType "swiss"]
[EventRounds "9"]
[EventCountry "GBR"]
[SourceTitle "BritBase"]
[Source "John Saunders"]
[SourceDate "2025.08.11"]
[SourceVersion "1"]
[SourceVersionDate "2025.08.11"]
[SourceQuality "1"]

1. e4 c5 2. c3 Nf6 3. e5 Nd5 4. Nf3 Nc6 5. Bc4 Nb6 6. Bb3 c4 7. Bc2 d5 8. exd6 Qxd6 9. O-O Bg4 10. h3 Bh5 11. Re1 O-O-O 12. b3 Qf6 13. Be4 Ne5 14. g4 Nxf3+ 15. Qxf3 Qxf3 16. Bxf3 Bg6 17. bxc4 Nxc4 18. d4 e6 19. a4 Bd6 20. Na3 Na5 21. Nb5 Bb8 22. Be3 Nc4 23. Na3 Nxe3 24. Rxe3 Bf4 25. Re2 e5 26. dxe5 Bd3 27. Rb2 Rd7 28. Nb5 Bxb5 29. axb5 Kb8 30. Rba2 b6 31. Re2 Rd3 32. Be4 Rxc3 33. Rxa7 Kxa7 34. Ra2+ Kb8 35. Ra8+ Kc7 36. Rxh8 Rxh3 37. Rxh7 1/2-1/2

[Event "GBR-ch 111th"]
[Site "Liverpool"]
[Date "2025.08.06"]
[Round "5.39"]
[White "Crawford, Owen"]
[Black "Korsinskij, Marek"]
[Result "1-0"]
[WhiteElo "2125"]
[BlackElo "1727"]
[PlyCount "45"]
[EventDate "2025.08.02"]
[EventType "swiss"]
[EventRounds "9"]
[EventCountry "GBR"]
[SourceTitle "BritBase"]
[Source "John Saunders"]
[SourceDate "2025.08.11"]
[SourceVersion "1"]
[SourceVersionDate "2025.08.11"]
[SourceQuality "1"]

1. e4 e5 2. Nf3 d6 3. d4 exd4 4. Nxd4 Nf6 5. Nc3 Be7 6. Bf4 O-O 7. Qd2 c6 8. O-O-O d5 9. f3 Nh5 10. Bg3 c5 11. Ndb5 Nxg3 12. hxg3 d4 13. Nd5 Bd6 14. Nxd6 Qxd6 15. Bd3 h6 16. g4 Nc6 17. g5 Ne5 18. gxh6 g6 19. h7+ Kh8 20. Qh6 Bd7 21. Nf4 Be6 22. Nh5 Nxd3+ 23. Rxd3 1-0